书目信息 |
| 题名: |
胡適《四十自述》手稿匯校評註
|
|
| 作者: | 张立华 汇校评注 | |
| 分册: | 下册 | |
| 出版信息: | 北京 中華書局 2021.12 |
|
| 页数: | 3册 (192, 349, 291页) | |
| 开本: | 30cm | |
| 丛书名: | ||
| 单 册: | ||
| 中图分类: | K825.4=72 | |
| 科图分类: | ||
| 主题词: | 学者--xue zhe--自传--中国--现代 | |
| 电子资源: | ||
| ISBN: | 978-7-101-15342-2 | |
| 000 | 01008nam0 2200265 450 | |
| 001 | CAL 0120227351994 | |
| 005 | 20230303120906.05 | |
| 010 | @a978-7-101-15342-2@b精装@dCNY200.00 | |
| 100 | @a20220304e2021 em y0chiy0120 ea | |
| 101 | 0 | @achi |
| 102 | @aCN@b110000 | |
| 105 | @aa z 000ya | |
| 106 | @ar | |
| 200 | 1 | @a胡適《四十自述》手稿匯校評註@Ahu shi 《 si shi zi shu 》 shou gao hui jiao ping zhu@h下册@f张立华汇校评注 |
| 205 | @a影印本 | |
| 210 | @a北京@c中華書局@d2021.12 | |
| 215 | @a3册 (192, 349, 291页)@c图@d30cm | |
| 330 | @a本书是胡适《四十自述》的集大成者, 共分三册: 第一册是《四十自述》的手稿影印和简体释文, 第二册是《四十自述》的初刊影印和初版影印, 第三册是《四十自述》的简体定本和汇校评注。 | |
| 518 | 1 | @a胡适《四十自述》手稿汇校评注 |
| 600 | 0 | @a胡适,@Ahu shi ,@f1891-1962@x自传 |
| 606 | 0 | @a学者@Axue zhe@x自传@y中国@z现代 |
| 690 | @aK825.4=72@v5 | |
| 701 | 0 | @a张立华@Azhang li hua@4汇校评注 |
| 801 | 0 | @aCN@bBJXHZP@c20230228 |
| 905 | @b1385745-6@dK825.4=72@e1540:3@f2 | |
| 胡適《四十自述》手稿匯校評註.下册/张立华汇校评注.-影印本.-北京:中華書局,2021.12 |
| 3册 (192, 349, 291页):图;30cm |
| ISBN 978-7-101-15342-2(精装):CNY200.00 |
| 本书是胡适《四十自述》的集大成者, 共分三册: 第一册是《四十自述》的手稿影印和简体释文, 第二册是《四十自述》的初刊影印和初版影印, 第三册是《四十自述》的简体定本和汇校评注。 |
| ● |
| 相关链接 |
|
|
|
|
正题名:胡適《四十自述》手稿匯校評註
索取号:K825.4=72/1540:3
 
预约/预借
| 序号 | 登录号 | 条形码 | 馆藏地/架位号 | 状态 | 备注 |
| 1 | 1385745 | 213857450 | 第二样本阅览室/ [索取号:K825.4=72/1540:3] | 在馆 | |
| 2 | 1385746 | 213857469 | 第二借阅区/ [索取号:K825.4=72/1540:3] | 在馆 |